|
|
|
|
| LEADER |
00000nam a2200000Ii 4500 |
| 001 |
DIGUAZUAY0242 |
| 003 |
NyNyDIG |
| 006 |
m o d |
| 007 |
cr ||||||||||| |
| 008 |
251104s2024 ec o 000 0 spa d |
| 035 |
|
|
|a (OCoLC)1500727066
|
| 040 |
|
|
|a DGITA
|b eng
|e rda
|e pn
|c DGITA
|
| 020 |
|
|
|a 9789942645548
|q eBook
|
| 020 |
|
|
|z 9789942645531
|
| 043 |
|
|
|a s-ec---
|
| 050 |
1 |
4 |
|a F3722.1.C2 ebook
|
| 100 |
1 |
|
|a Encalada Vásquez, Oswaldo,
|d 1955-
|e author.
|
| 245 |
1 |
0 |
|a Mitología Azuayo-Cañari /
|c Oswaldo Encalada Vásquez.
|
| 264 |
|
1 |
|a Cuenca, Ecuador :
|b Universidad del Azuay, Casa Editora,
|c [2024]
|
| 300 |
|
|
|a 1 online resource.
|
| 336 |
|
|
|a text
|b txt
|2 rdacontent
|
| 337 |
|
|
|a computer
|b c
|2 rdamedia
|
| 338 |
|
|
|a online resource
|b cr
|2 rdacarrier
|
| 347 |
|
|
|a text file
|2 rdaft
|
| 347 |
|
|
|b PDF
|
| 490 |
1 |
|
|a Homo
|
| 588 |
0 |
|
|a Online resource; title from PDF title page (Digitalia, viewed November 4, 2025)
|
| 650 |
|
0 |
|a Cañari mythology.
|
| 650 |
|
0 |
|a Cañari Indians
|x Folklore.
|
| 651 |
|
0 |
|a Azuay (Ecuador)
|
| 791 |
2 |
|
|a Digitalia (Firm),
|e distributor.
|
| 793 |
0 |
|
|g Digitalia eBook Collection:
|a Universidad del Azuay
|
| 776 |
0 |
8 |
|i Print version:
|a Encalada Vásquez, Oswaldo, 1955-
|t Mitología Azuayo-Cañari.
|d Cuenca, Ecuador : Universidad del Azuay, Casa Editora, [2024]
|z 9789942645531
|
| 830 |
|
0 |
|a Homo (Universidad del Azuay, Casa Editora)
|
| 856 |
4 |
0 |
|3 Digitalia Hispánica
|u https://www.digitaliapublishing.com/a/170470/
|
| 910 |
|
|
|a Premium collection: 2025
|